| 000 | 00569nam a2200181Ia 4500 | ||
|---|---|---|---|
| 999 |
_c28690 _d28690 |
||
| 003 | OSt | ||
| 005 | 20201201110746.0 | ||
| 008 | 190216s9999||||xx |||||||||||||| ||und|| | ||
| 020 | _a9788130003269 | ||
| 040 | _coclc | ||
| 082 |
_a894.8124 _bNAI/S |
||
| 100 |
_aNair, Panmana Ramachandran _97082 |
||
| 245 | 0 |
_aSamakala Niroopanathinte Vyathyastha Mukhangal / _cPanmana Ramachandran Nair |
|
| 260 |
_bPoorna Publications, _aKozhikode: _c2005. |
||
| 300 | _a100p | ||
| 650 | _aLekhanam | ||
| 942 |
_cBK _2ddc _h894.8124 _iNAI/S _k894.8124 _mNAI/S |
||